000 00768nam a2200289Ia 4500
005 20260324150915.0
008 008 260324s9999 xx 000 0 eng d
020 _a9781315638447
037 _aEBOOK
040 _aCRL
040 _beng
040 _cCRL
041 _2eng
041 _aeng
084 _qCRL
100 _aT. Earle Welby
_91228044
245 4 _aThe Victorian Romantics 1850-70
245 4 _bThe Early Work of Dante Gabriel Rossetti, William Morris, Burne-Jones, Swinburne, Simeon Solomon and their Associates
260 _bTaylor and Francis
260 _c1929
365 _a
365 _b180
856 _uhttp://www.taylorfrancis.com/books/9781315638447
942 _cEBOOK
999 _c1838284
_d1838284